| 000 | 00802nmc a2200313 a 4500 | ||
|---|---|---|---|
| 003 | AR-BaBNM | ||
| 005 | 20251128205523.0 | ||
| 008 | 217119s1996 ||||||||||||||000 | spa|| | ||
| 020 | _a84-7166-345-7 | ||
| 040 | _cAR-BaBNM | ||
| 100 | 0 |
_aDante Alighieri _d1265-1321 |
|
| 245 | 1 | 0 | _aLa divina comedia |
| 260 |
_aMadrid _bEdaf _c1996 |
||
| 300 | 0 | _a547 p. | |
| 490 | 0 |
_aBiblioteca Edaf _vv. 1 |
|
| 650 | 4 | _aLITERATURA CLASICA | |
| 650 | 4 | _aLITERATURA ITALIANA | |
| 650 | 4 | _aCRISTIANISMO | |
| 650 | 4 | _aEDAD MEDIA | |
| 650 | 4 | _aFILOSOFIA LITERARIA | |
| 650 | 4 | _aPOESIA | |
| 653 | _aINFLUENCIA CLASICA | ||
| 653 | _aFILOSOFIA MEDIEVAL | ||
| 655 | _aLITERATURA | ||
| 700 | 1 |
_aHoria, Vintila _eprologuista |
|
| 700 | 1 |
_aPezuela, Juan de la _etraductor |
|
| 942 | _cBK | ||
| 998 | _cMARTIN | ||
| 999 |
_c11727 _d11727 |
||